Free will, determinism and the "problem" of structure and agency in the social sciences (Record no. 510232)

000 -LEADER
fixed length control field 01324nam a22001577a 4500
008 - FIXED-LENGTH DATA ELEMENTS--GENERAL INFORMATION
fixed length control field 190808b ||||| |||| 00| 0 eng d
100 ## - MAIN ENTRY--PERSONAL NAME
Personal name Pleasants, Nigel
245 ## - TITLE STATEMENT
Title Free will, determinism and the "problem" of structure and agency in the social sciences
260 ## - PUBLICATION, DISTRIBUTION, ETC. (IMPRINT)
Date of publication, distribution, etc 2019
300 ## - PHYSICAL DESCRIPTION
Extent p.3-30.
520 ## - SUMMARY, ETC.
Summary, etc The so-called “problem” of structure and agency is clearly related to the philosophical problem of free will and determinism, yet the central philosophical issues are not well understood by theorists of structure and agency in the social sciences. In this article I draw a map of the available stances on the metaphysics of free will and determinism. With the aid of this map the problem of structure and agency will be seen to dissolve. The problem of structure and agency is sustained by a failure to distinguish between metaphysical and empirical senses of the relation between social structure and individual agency. The ramifications of this distinction are illustrated via a case study of competing explanations of perpetrator behavior in Christopher Browning’s and Daniel Goldhagen’s studies of the German Order Police in the Holocaust. - Reproduced.
650 ## - SUBJECT ADDED ENTRY--TOPICAL TERM
Topical term or geographic name as entry element Structure and agency
9 (RLIN) 7866
773 ## - HOST ITEM ENTRY
Main entry heading Philosophy of the Social Sciences
906 ## - LOCAL DATA ELEMENT F, LDF (RLIN)
Subject DIP Social Sciences
942 ## - ADDED ENTRY ELEMENTS (KOHA)
Item type Articles
Holdings
Withdrawn status Lost status Source of classification or shelving scheme Damaged status Not for loan Permanent location Current location Date acquired Serial Enumeration / chronology Barcode Date last seen Koha item type
          Indian Institute of Public Administration Indian Institute of Public Administration 2019-08-08 49(1), Jan, 2019: p.3-30. AR120182 2019-08-08 Articles

Powered by Koha